Návrh ejektorového chladiaceho zariadenia s využitím gravitačného princípu

Uložené v:
Podrobná bibliografia
Hlavný autor: Malíšek, Samuel (Autor)
Ďalší autori: Mlynár, Peter (Vedúci práce)
Médium: Rukopis Kniha
Jazyk:Slovak
Vydavateľské údaje: 2023
Predmet:
On-line prístup:http://is.stuba.sk/zp/portal_zp.pl?podrobnosti=164851
Tagy: Pridať tag
Žiadne tagy, Buďte prvý, kto otaguje tento záznam!

MARC

LEADER 00000ntm a22000003a 4500
001 stuzp93946
003 SK-STU
005 20240514101539.1
007 ta
008 150427s2015----xo-----f-mn---000-0-slo-d
040 |a STU  |b slo 
041 0 |a slo 
100 1 |a Malíšek, Samuel  |u 020060  |k Z3  |4 aut  |U SjF Strojnícka fakulta  |T SjF Ústav energetických strojov a zariadení  |X 87502  |U J0060  |Y 805  |7 87502 
242 0 1 |a Design of an ejector chiller based on the gravity principle  |y eng 
245 1 0 |a Návrh ejektorového chladiaceho zariadenia s využitím gravitačného princípu 
260 |c 2023 
650 4 |a ejektorový chladiaci obeh  |2 slo 
650 4 |a ejektor  |2 slo 
650 4 |a Teplom poháňané chladiace zariadenia  |2 slo 
650 4 |a ejector cooling cycle  |2 eng 
650 4 |a ejector  |2 eng 
650 4 |a heat driven cooling systems  |2 eng 
700 1 |a Mlynár, Peter  |u 020060  |k Z1  |4 ths  |U SjF Strojnícka fakulta  |T SjF Ústav energetických strojov a zariadení  |X 13110  |U J0060  |Y 805  |7 A000013110 
856 4 |u http://is.stuba.sk/zp/portal_zp.pl?podrobnosti=164851 
996 |b 284J047585  |c J* 3707/DDP  |l JJSK  |s A  |a 24  |w stuzp93946_0001